Efficient signal processing of radar's receiver [project report BEE-4] (Record no. 10724)
[ view plain ]
| 000 -LEADER | |
|---|---|
| fixed length control field | 00602 a2200157 4500 |
| 082 ## - DEWEY DECIMAL CLASSIFICATION NUMBER | |
| Classification number | 378.242 |
| 100 ## - MAIN ENTRY--PERSONAL NAME | |
| Personal name | Waseem Anwar |
| 9 (RLIN) | 93315 |
| 245 ## - TITLE STATEMENT | |
| Title | Efficient signal processing of radar's receiver [project report BEE-4] |
| Statement of responsibility, etc. | Waseem Anwar |
| 260 ## - PUBLICATION, DISTRIBUTION, ETC. | |
| Place of publication, distribution, etc. | Islamabad |
| Name of publisher, distributor, etc. | NUST School of Electrical Engineering and Computer Science |
| Date of publication, distribution, etc. | 2010 |
| 300 ## - PHYSICAL DESCRIPTION | |
| Extent | 165p. |
| Other physical details | ill.: |
| Dimensions | 36cm |
| Accompanying material | CD-ROM |
| 500 ## - GENERAL NOTE | |
| General note | Supervisors: Dr. Muhammad Shahzad Younis, Mr. Ata ul Basit |
| 700 ## - ADDED ENTRY--PERSONAL NAME | |
| Personal name | Ayesha Nasim |
| 9 (RLIN) | 93316 |
| 700 ## - ADDED ENTRY--PERSONAL NAME | |
| Personal name | Kinza Nasrullah |
| 9 (RLIN) | 93317 |
| 856 ## - ELECTRONIC LOCATION AND ACCESS | |
| Uniform Resource Identifier | <a href="Efficient signal processing of radar's receiver">Efficient signal processing of radar's receiver</a> |
| 942 ## - ADDED ENTRY ELEMENTS (KOHA) | |
| Koha item type | Project Report |
| Call number prefix | 378.242 WAS |
| Source of classification or shelving scheme | |
| Withdrawn status | Lost status | Damaged status | Not for loan | Permanent Location | Current Location | Date acquired | Full call number | Barcode | Date last seen | Price effective from | Koha item type |
|---|---|---|---|---|---|---|---|---|---|---|---|
| WITHDRAWN | Central Library (CL) | Central Library (CL) | 07/04/2022 | 378.242 WAS | SEECSP01064 | 11/14/2012 | 11/14/2012 | Project Report |
